000 00297nam a2200133Ia 4500
008 260604s9999 xx 000 0 und d
020 _a9780141371344
082 _a808.3 DAH
100 _aROALD DAHL
_935352
245 0 _aBoy: Tales of Childhood
260 _bPRH
500 _aTales
942 _cBK
999 _c8145
_d8145